Sci-Fi Show by Cast Photo Quiz Stats

 Plays Quiz Updated Aug 13, 2015

Challenge
Share
Tweet
Score 0/18 Timer 08:00
0 Plays Today
% Correct
Star Trek
99.2%
Mighty Morphin Power Rangers
96.3%
Doctor Who
88.9%
The X-Files
80.3%
Firefly
75.9%
Heroes
73.5%
Battlestar Galactica
62.7%
Stargate SG-1
61.9%
Orphan Black
49.8%
% Correct
Babylon 5
35.4%
Dollhouse
33%
Warehouse 13
32.3%
V
30.9%
Dark Angel
28.5%
Misfits
27.9%
Falling Skies
26.6%
The 100
25.2%
Being Human
22.2%

You're not logged in!

Compare scores with friends on all Sporcle quizzes.
Join for Free
OR
Log In

You Might Also Like...

Show Comments

Extras

Top Quizzes Today


Score Distribution

Your Account Isn't Verified!

In order to create a playlist on Sporcle, you need to verify the email address you used during registration. Go to your Sporcle Settings to finish the process.

Report this User

Report this user for behavior that violates our Community Guidelines.

Details: